00485nam a2200157Ia 4500100001700000650001200017942000700029366000900036245002300045260002300068082002000091300000800111546001200119999001700131952017900148 aNarayan/R.K  aFiction cBK f17.5 aMalgudi Adventures bPuffin booksc2004 a808.83/NARbNAR a270 aENGLISH c33146d33146 001040708CRCaCRCEb428d2023-03-17eEducational books and periodicalsg164.18i258 dt 27/04/2009l1o808.83/NAR NARp19591r2023-12-11s2023-10-05v199.00w0000-00-00yBK